Riconosci il Pokémon - Quiz n°585 - Statistics

Statistiche generali
  • Questo quiz è stato fatto 0 volte
  • Il punteggio medio è 0 su 10
Statistiche sulle risposte
Indizio Risposta % Corretto
Altezza 0,8 m
0%
Tasso di cattura 180 (33.8%)
0%
Peso 19,5 kg
0%
Sesso 75% ♂, 25% ♀
0%
Abilità Dentistretti; Nullodifesa; Cuordeciso
0%
Stadio evoluzione Forma Base
0%
Tipo Lotta
0%
Pokémon Machop
0%
Tasso di allevamento Medio-Lento
0%
Generazione Prima
0%
Nessun quiz corrispondente trovato
Distribuzione punteggi
Percentuale di utenti per punteggio
Percentile per numero di risposta
I tuoi punteggi nel tempo
Non hai fatto questo quiz